[Event "COL-ch U2000"]
[Site "Pereira"]
[Date "2019.03.23"]
[Round "5"]
[White "Gonzalez, Leandro"]
[Black "Martinez, Luis Hernando"]
[Result "0-1"]
[WhiteElo "1742"]
[BlackElo "1888"]
[PlyCount "90"]
[EventDate "2019.03.21"]
[EventType "swiss"]
[EventRounds "9"]
[EventCountry "COL"]
[SourceTitle "CBM 189 Extra"]
[Source "ChessBase"]
[SourceDate "2019.06.03"]
[SourceVersion "1"]
[SourceVersionDate "2019.06.03"]
[SourceQuality "1"]

1. e4 e5 2. Nf3 Nc6 3. Bb5 a6 4. Ba4 Nf6 5. d4 Nxe4 6. d5 Na7 7. Qe2 Nc5 8. Qxe5+ Qe7 9. Bb3 Qxe5+ 10. Nxe5 Nxb3 11. axb3 d6 12. Nf3 Bf5 13. c4 Be7 14. Nc3 0-0 15. Be3 Nc8 16. Kd2 Re8 17. Nb5 Bd8 18. Nbd4 Bd7 19. b4 Ne7 20. b3 Rc8 21. Bf4 Ng6 22. Bg3 f6 23. Nh4 Nxh4 24. Bxh4 g5 25. Bg3 f5 26. f3 Bf6 27. Bf2 Re7 28. Rae1 Rce8 29. Rxe7 Rxe7 30. Nc2 Kf7 31. g3 c6 32. Re1 cxd5 33. Rxe7+ Bxe7 34. cxd5 Kg6 35. Bb6 f4 36. Bf2 h5 37. Nd4 Bf6 38. Kd3 Bf5+ 39. Nxf5 Kxf5 40. gxf4 gxf4 41. Kc4 b5+ 42. Kd3 Bb2 43. Kc2 Ba1 44. Kd3 Ke5 45. Be1 Kxd5 0-1

[Event "Tunja Boyacense op"]
[Site "Tunja"]
[Date "2018.12.14"]
[Round "3"]
[White "Martinez, Luis Hernando"]
[Black "Ramirez Cepeda, Armando"]
[Result "1-0"]
[WhiteElo "1908"]
[BlackElo "1634"]
[PlyCount "37"]
[EventDate "2018.12.13"]
[EventType "swiss"]
[EventRounds "7"]
[EventCountry "COL"]
[SourceTitle "CBM 187 Extra"]
[Source "ChessBase"]
[SourceDate "2018.11.04"]
[SourceVersion "1"]
[SourceVersionDate "2018.11.04"]
[SourceQuality "1"]

1. e4 e5 2. Nf3 Nc6 3. Bc4 Nf6 4. d4 d6 5. dxe5 Nxe4 6. Bxf7+ Kxf7 7. Qd5+ Be6 8. Qxe4 Be7 9. 0-0 d5 10. Qe2 Rf8 11. c3 Kg8 12. h3 Qd7 13. Kh2 h6 14. Nbd2 Rf7 15. Nb3 Raf8 16. Nfd4 Nxe5 17. Nxe6 Qxe6 18. f4 Bd6 19. Bd2 1-0

[Event "Tunja Boyacense op"]
[Site "Tunja"]
[Date "2018.12.14"]
[Round "2"]
[White "Sanchez, Sebastian Felipe"]
[Black "Martinez, Luis Hernando"]
[Result "1-0"]
[WhiteElo "2419"]
[BlackElo "1908"]
[PlyCount "45"]
[EventDate "2018.12.13"]
[EventType "swiss"]
[EventRounds "7"]
[EventCountry "COL"]
[SourceTitle "CBM 187 Extra"]
[Source "ChessBase"]
[SourceDate "2018.11.04"]
[SourceVersion "1"]
[SourceVersionDate "2018.11.04"]
[SourceQuality "1"]

1. Nf3 Nf6 2. c4 g6 3. d4 Bg7 4. g3 d6 5. Bg2 0-0 6. Nc3 Na6 7. 0-0 c5 8. d5 Rb8 9. e4 Bd7 10. Qe2 Nc7 11. a4 b6 12. e5 Nfe8 13. Bf4 a6 14. Rac1 b5 15. axb5 axb5 16. b3 bxc4 17. bxc4 Bg4 18. Rfe1 Rb4 19. exd6 exd6 20. Ne4 h6 21. h4 Kh7 22. Qe3 Rg8 23. Nfg5+ 1-0

[Event "Tunja Liga Boyaca"]
[Site "Tunja"]
[Date "2017.12.16"]
[Round "4.24"]
[White "Rivas, Jorge"]
[Black "Martinez, Luis Hernando"]
[Result "0-1"]
[WhiteElo "1888"]
[BlackElo "1845"]
[PlyCount "60"]
[EventDate "2017.12.14"]
[EventType "swiss"]
[EventRounds "7"]
[EventCountry "COL"]
[SourceTitle "EXT 2024"]
[Source "ChessBase"]
[SourceDate "2023.10.10"]
[SourceVersion "1"]
[SourceVersionDate "2023.10.10"]
[SourceQuality "1"]

1. e4 e5 2. Bc4 Nf6 3. Nc3 Nc6 4. d3 Bb4 5. Bd2 0-0 6. Nf3 d6 7. h3 Ne7 8. 0-0 c6 9. Ne2 Bxd2 10. Qxd2 Ng6 11. Qg5 d5 12. exd5 cxd5 13. Bb3 h6 14. Qc1 a5 15. a4 Qd6 16. d4 e4 17. Nh2 b6 18. Qe3 Ba6 19. Rfe1 Rae8 20. Ng3 Bc8 21. c3 Nf4 22. Ngf1 Nd3 23. Reb1 Nh5 24. Bc2 Nhf4 25. Bd1 f5 26. Ng3 Nxh3+ 27. gxh3 f4 28. Qe2 fxg3 29. fxg3 Qxg3+ 30. Qg2 Qe3+ 0-1